00755nam a2200181 a 450000100100000000500170001000800410002702000150006804000250008324500460010826001040015430000310025849000220028983000290031195201050034095201110044599900170055600004391020201002045036.0140508s1994 sp c 000 0 spa d a848181041X aDO-SdBNPbspacBNPHU00aDiaphanoramas :ben el Museo Romántico. aMadrid, :bCentro Nacional de Exposiciones y Promoción ArtísticabMinisterio de Cultura,c1994. a109 p. :bretrs. ;c23 cm.1 aMuseo romántico 0aMuseo romántico971807 001050718MOaGRbGRcHDd2014-05-08iLF1l0o p43910-10r2020-06-25w2020-06-25y1ZNo se presta 001150718MOaGRbGRcMId2014-05-15iLF1l0o p43910-20r2020-06-25te. 2w2020-06-25y1ZNo se presta c43399d43399